| 000 | 00598nam a2200217 a 4500 | ||
|---|---|---|---|
| 001 | BRL_1215 | ||
| 005 | 20190320211104.0 | ||
| 008 | 021213s1995----fr-a#####c---#000-0#fre-# | ||
| 041 | _afre | ||
| 044 | _afr | ||
| 050 | 4 |
_aND546 _b.J66 1995 |
|
| 245 | 1 | 0 | _aDe Jonckheere |
| 260 |
_aParis _bDe Jonckheere _c[1995] |
||
| 300 |
_asin paginación _bil.,82 láminas _c27 cm. |
||
| 500 | _aAu1418 | ||
| 610 | 2 | 4 |
_aGaleria De Jonckheere (Paris) _vCatálogos _926148 |
| 650 | 1 | 4 |
_aPintura francesa _vCatálogos _926149 |
| 710 | 2 |
_aGaleria De Jonckheere (Paris) _926150 |
|
| 902 | _aGRL | ||
| 942 |
_2lcc _cB |
||
| 999 |
_c10027 _d10027 |
||